[Event "DEM U10 2011"]
[Site "Oberhof GER"]
[Date "2011.06.17"]
[Round "9"]
[White "Schumacher, Simon"]
[Black "Ott, Josef Sebastian"]
[Result "0-1"]
[Termination "normal"]
[Board "25"]
[WhiteElo "1005"]
[BlackElo "1327"]
[PlyCount "126"]
[BlackFideId "12952079"]
[EventCountry "GER"]
[EventRounds "11"]
[EventType "swiss"]
[EventDate "2011.06.11"]

1. d4 Nf6 2. Bf4 d6 3. e3 Bf5 4. c3 c6 5. Nf3 Nbd7 6. Bd3 Bxd3 7. Qxd3 Qc7 8.
Nbd2 e5 9. Bg3 Be7 10. Nc4 e4 11. Qe2 exf3 12. gxf3 b5 13. Nd2 a5 14. Rg1 O-O
15. Bf4 Kh8 16. c4 Qb6 17. Qd3 bxc4 18. Nxc4 Qb5 19. Qc3 d5 20. Nd6 Qb4 21.
Qxb4 axb4 22. Nf5 Bd8 23. Bd6 Rg8 24. Bxb4 Rb8 25. Bc3 g6 26. Nd6 Rf8 27. a3
Be7 28. e4 Bxd6 29. e5 Rfe8 30. f4 Ne4 31. exd6 Nxc3+ 32. Kd2 Ne4+ 33. Kd3
Nxf2+ 34. Kd2 Rxb2+ 35. Kc3 Rb6 36. Raf1 Ne4+ 37. Kc2 c5 38. Re1 cxd4 39. Kd3
Nf2+ 40. Kxd4 Rxe1 41. Rxe1 Rxd6 42. Rf1 Ne4 43. a4 Ndf6 44. Ke5 Ra6 45. f5
Rxa4 46. fxg6 fxg6 47. Ke6 Kg7 48. Rc1 Rc4 49. Rb1 d4 50. Rb7+ Kh6 51. Rb8 d3
52. Rd8 d2 53. h3 Rc6+ 54. Ke5 Rd6 55. Rxd6 Nxd6 56. Kxd6 d1=Q+ 57. Ke5 Qd5+
58. Kxf6 Qd6+ 59. Kf7 g5 60. Ke8 Qc7 61. Kf8 Qd7 62. h4 Kg6 63. hxg5 Qd8# 0-1

[Event "DEM U10 2011"]
[Site "Oberhof GER"]
[Date "2011.06.17"]
[Round "9"]
[White "Köhler, Inken"]
[Black "Hoffmann, Jens"]
[Result "0-1"]
[Termination "normal"]
[Board "26"]
[WhiteElo "1079"]
[BlackElo "1327"]
[PlyCount "44"]
[WhiteFideId "12929301"]
[BlackFideId "12946320"]
[EventCountry "GER"]
[EventRounds "11"]
[EventType "swiss"]
[EventDate "2011.06.11"]

1. e4 e5 2. Nf3 Nc6 3. d4 exd4 4. Nxd4 Bc5 5. Be3 Qf6 6. c3 Nge7 7. Bb5 O-O 8.
O-O Bb6 9. Nxc6 Nxc6 10. Bxb6 axb6 11. Re1 Ne5 12. Nd2 c6 13. Ba4 Nd3 14. e5
Qxf2+ 15. Kh1 Qxe1+ 16. Qxe1 Nxe1 17. Bxc6 bxc6 18. Rxe1 Rxa2 19. Rb1 Ba6 20.
Nb3 Bd3 21. Rd1 Rxb2 22. Rxd3 Rb1+ 0-1

[Event "DEM U10 2011"]
[Site "Oberhof GER"]
[Date "2011.06.17"]
[Round "9"]
[White "Silber, Kevin"]
[Black "Wurst, Maximilian"]
[Result "1/2-1/2"]
[Termination "normal"]
[Board "27"]
[WhiteElo "1341"]
[BlackElo "964"]
[PlyCount "125"]
[WhiteFideId "12930440"]
[BlackFideId "12971812"]
[EventCountry "GER"]
[EventRounds "11"]
[EventType "swiss"]
[EventDate "2011.06.11"]

1. e4 e5 2. Nf3 Nc6 3. d4 exd4 4. Nxd4 Bc5 5. Be3 Qf6 6. c3 Nge7 7. Bc4 O-O 8.
O-O Bb6 9. Qd3 d6 10. Rd1 Qg6 11. Nf3 Bg4 12. Bxb6 axb6 13. Re1 Ne5 14. Nxe5
dxe5 15. Qe3 Rad8 16. Be2 Rd7 17. Bxg4 Qxg4 18. Qg3 Qxe4 19. Na3 Qg6 20. Qxg6
Nxg6 21. Nc4 Rfd8 22. h3 f6 23. Ne3 Rd2 24. Red1 h6 25. Rxd2 Rxd2 26. b3 Nf4
27. c4 c6 28. Kf1 Nd3 29. Rd1 Rxd1+ 30. Nxd1 Nb4 31. Nc3 Kf7 32. Ke2 g5 33. Kf3
h5 34. g3 f5 35. g4 hxg4+ 36. hxg4 f4 37. Ke2 Ke6 38. f3 Kd6 39. Ne4+ Ke7 40.
Nxg5 Kf6 41. Ne4+ Kg6 42. Nd6 Nxa2 43. Nxb7 Nc1+ 44. Kd1 Nxb3 45. Nd6 Nd4 46.
Nc8 b5 47. cxb5 cxb5 48. Nd6 b4 49. Ne4 Nxf3 50. Kc2 Nd4+ 51. Kb2 b3 52. Kc3 f3
53. Kb2 Kh6 54. Kc3 Kg7 55. Kb2 Kf7 56. Kc3 Kg6 57. Kb2 Ne6 58. Kxb3 Ng5 59.
Ng3 e4 60. Kc2 f2 61. Kd2 Nh3 62. Ke2 Ng5 63. Kxf2 1/2-1/2

[Event "DEM U10 2011"]
[Site "Oberhof GER"]
[Date "2011.06.17"]
[Round "9"]
[White "Schamber, Dennis"]
[Black "Sanati, Charlotte"]
[Result "0-1"]
[Termination "normal"]
[Board "28"]
[WhiteElo "1039"]
[BlackElo "1284"]
[PlyCount "140"]
[WhiteFideId "12952176"]
[BlackFideId "12907707"]
[EventCountry "GER"]
[EventRounds "11"]
[EventType "swiss"]
[EventDate "2011.06.11"]

1. e4 e6 2. Qe2 c5 3. g3 Nc6 4. Bg2 g6 5. Nf3 Bg7 6. O-O Nge7 7. c3 O-O 8. Rd1
d5 9. e5 Qc7 10. d4 b6 11. Na3 Qb7 12. Nb5 Qa6 13. Re1 Rb8 14. Nd6 Qxe2 15.
Rxe2 Ba6 16. Re1 cxd4 17. cxd4 Nb4 18. Rd1 Nc8 19. Nxc8 Rbxc8 20. Bd2 Nc6 21.
Rac1 Be2 22. Re1 Bxf3 23. Bxf3 Nxd4 24. Be2 Rxc1 25. Bxc1 Bxe5 26. Be3 Nxe2+
27. Rxe2 Rc8 28. Bxb6 axb6 29. Rxe5 Rc2 30. Re3 Rxb2 31. Ra3 Rb5 32. Ra6 d4 33.
Kf1 Rb2 34. Ke1 Kg7 35. a4 Kf6 36. Kd1 Ke5 37. Kc1 Rb4 38. Kd2 Kd5 39. Kd3 Rb3+
40. Kc2 Rc3+ 41. Kd2 Kc5 42. h3 Ra3 43. h4 e5 44. f4 exf4 45. gxf4 Rf3 46. a5
bxa5 47. Rxa5+ Kd6 48. Ke2 Rxf4 49. Kd3 Rxh4 50. Kc4 Rh5 51. Ra6+ Ke5 52. Ra5+
Ke4 53. Ra2 Rh3 54. Rf2 f5 55. Re2+ Re3 56. Rh2 f4 57. Rxh7 d3 58. Re7+ Kf3 59.
Rg7 d2 60. Rd7 Ke2 61. Kb4 d1=Q 62. Rxd1 Kxd1 63. Kc4 f3 64. Kd4 Re7 65. Kd3 f2
66. Kd4 f1=Q 67. Kc5 Qd3 68. Kc6 Re2 69. Kc5 Rc2+ 70. Kb6 Qb3+ 0-1

[Event "DEM U10 2011"]
[Site "Oberhof GER"]
[Date "2011.06.17"]
[Round "9"]
[White "Merx, Florian"]
[Black "Hausdorf, Lars"]
[Result "1/2-1/2"]
[Termination "normal"]
[Board "29"]
[WhiteElo "1035"]
[BlackElo "1198"]
[PlyCount "45"]
[WhiteFideId "16212304"]
[BlackFideId "16200390"]
[EventCountry "GER"]
[EventRounds "11"]
[EventType "swiss"]
[EventDate "2011.06.11"]

1. e4 e5 2. Nf3 Nf6 3. Nxe5 d6 4. Nf3 Nxe4 5. Nc3 Nf6 6. Bc4 Be7 7. d3 Bg4 8.
h3 Bh5 9. Bf4 Nc6 10. Qd2 Bxf3 11. gxf3 Qd7 12. O-O-O d5 13. Bb3 O-O-O 14. d4
Bb4 15. Rde1 Rhe8 16. Rxe8 Rxe8 17. a3 Ba5 18. Ba4 Qe6 19. Qd3 Bb6 20. Nb5 a6
21. Nc3 Re7 22. Be3 h6 23. Kb1 1/2-1/2

[Event "DEM U10 2011"]
[Site "Oberhof GER"]
[Date "2011.06.17"]
[Round "9"]
[White "Rosenhain, Rachela"]
[Black "Nguyen, Ha Thanh"]
[Result "1-0"]
[Termination "normal"]
[Board "30"]
[WhiteElo "1190"]
[BlackElo "1092"]
[PlyCount "49"]
[WhiteFideId "12957615"]
[BlackFideId "12942154"]
[EventCountry "GER"]
[EventRounds "11"]
[EventType "swiss"]
[EventDate "2011.06.11"]

1. e4 c5 2. Nf3 Nc6 3. d4 cxd4 4. Nxd4 g6 5. Nc3 Bg7 6. Be3 Nf6 7. f3 O-O 8.
Bc4 Qa5 9. Qd3 Ne5 10. Qe2 Nxc4 11. Qxc4 d6 12. O-O-O Nd7 13. Qd3 Ne5 14. Qd2
Nc4 15. Qe2 Bxd4 16. Bxd4 Qb4 17. Nd5 Qxb2+ 18. Bxb2 Nxb2 19. Kxb2 e6 20. Ne7+
Kh8 21. Nxc8 Raxc8 22. Rxd6 Rc7 23. Rhd1 Rcc8 24. R1d3 Kg7 25. Qd2 1-0

[Event "DEM U10 2011"]
[Site "Oberhof GER"]
[Date "2011.06.17"]
[Round "9"]
[White "Maaß, Timo"]
[Black "Ackermann, Constantin"]
[Result "1/2-1/2"]
[Termination "normal"]
[Board "31"]
[WhiteElo "882"]
[BlackElo "1103"]
[PlyCount "61"]
[EventCountry "GER"]
[EventRounds "11"]
[EventType "swiss"]
[EventDate "2011.06.11"]

1. d4 d5 2. c4 e6 3. Nc3 c5 4. Nf3 Nc6 5. Bg5 Be7 6. Bxe7 Ngxe7 7. e3 Qd6 8.
Bd3 e5 9. Nb5 Qd8 10. Nxe5 Nxe5 11. dxe5 O-O 12. O-O a6 13. Nc3 Qb6 14. Qc2 Qh6
15. Nxd5 Nxd5 16. cxd5 g6 17. Qxc5 Qg5 18. Kh1 Qxe5 19. Qd4 Qxd4 20. exd4 Rd8
21. Be4 Bf5 22. Bxf5 gxf5 23. Rfd1 Rxd5 24. Rd3 Re8 25. Rd2 Kg7 26. g3 Kg6 27.
Kg2 Kg5 28. Kf3 h5 29. h4+ Kg6 30. Rc1 Re7 31. Rc5 1/2-1/2

[Event "DEM U10 2011"]
[Site "Oberhof GER"]
[Date "2011.06.17"]
[Round "9"]
[White "Demme, Miriam"]
[Black "Hoffmann, Lennard"]
[Result "1-0"]
[Termination "normal"]
[Board "32"]
[WhiteElo "1086"]
[BlackElo "1044"]
[PlyCount "119"]
[WhiteFideId "12966703"]
[BlackFideId "12943495"]
[EventCountry "GER"]
[EventRounds "11"]
[EventType "swiss"]
[EventDate "2011.06.11"]

1. e4 e5 2. Nf3 Nf6 3. Nxe5 d6 4. Nf3 Nxe4 5. Nc3 Nxc3 6. dxc3 Be7 7. Bd3 O-O
8. Bf4 Re8 9. Qd2 Bg5+ 10. Be3 Bxe3 11. fxe3 Nc6 12. O-O-O Bg4 13. Rhg1 Ne5 14.
Rdf1 Qd7 15. Kb1 Nxd3 16. Qxd3 Reb8 17. h3 Be6 18. Ng5 g6 19. Nxe6 Qxe6 20. Qd4
b5 21. Rf6 Qe5 22. Qh4 Qxe3 23. Re1 Qd2 24. a3 Kg7 25. Re7 Qd5 26. Rfxf7+ Qxf7
27. Rxf7+ Kxf7 28. Qxh7+ Kf6 29. Qxc7 Rd8 30. c4 bxc4 31. Qxc4 Rac8 32. Qd4+
Ke7 33. Qxa7+ Rd7 34. Qe3+ Kf8 35. Qf4+ Kg7 36. g4 Rf8 37. Qd4+ Kh7 38. b4 Rf1+
39. Kb2 Rf8 40. a4 Rb8 41. b5 Rc8 42. b6 d5 43. a5 Rc4 44. Qd2 Ra4 45. Kb3 Ra1
46. Kb2 Ra4 47. Qd3 Rxa5 48. c4 Rb7 49. cxd5 Rxb6+ 50. Kc2 Ra2+ 51. Kc1 Ra1+
52. Kd2 Rb2+ 53. Ke3 Re1+ 54. Kf4 Rf2+ 55. Kg3 Rfe2 56. Kf4 Rf2+ 57. Kg5 Rg2
58. Qxg6+ Kh8 59. d6 Rd1 60. Kh6 1-0

[Event "DEM U10 2011"]
[Site "Oberhof GER"]
[Date "2011.06.17"]
[Round "9"]
[White "Schmidt, Sarah"]
[Black "Riegel, Arinna"]
[Result "1-0"]
[Termination "normal"]
[Board "33"]
[WhiteElo "1032"]
[BlackElo "1118"]
[PlyCount "75"]
[WhiteFideId "12965480"]
[BlackFideId "12931446"]
[EventCountry "GER"]
[EventRounds "11"]
[EventType "swiss"]
[EventDate "2011.06.11"]

1. e4 d6 2. d4 Nf6 3. Nc3 g6 4. Nf3 Bg7 5. Bc4 O-O 6. O-O c6 7. Re1 Nbd7 8. Bf4
a5 9. e5 Nh5 10. exd6 exd6 11. Bxd6 Re8 12. Rxe8+ Qxe8 13. Qe1 Nhf6 14. Qxe8+
Nxe8 15. Bf4 Nb6 16. Bd3 Bg4 17. Ne5 Nf6 18. Nxg4 Nxg4 19. Bc7 Nd7 20. h3 Ngf6
21. Re1 Re8 22. Rxe8+ Nxe8 23. Bxa5 Bxd4 24. b3 b6 25. Ne2 Bc5 26. Bd2 b5 27.
a4 bxa4 28. bxa4 Ne5 29. a5 Nxd3 30. cxd3 f5 31. Be3 Bb4 32. Bb6 Nd6 33. Nd4 c5
34. Nc6 Kf8 35. a6 Nc8 36. Bc7 c4 37. Nxb4 c3 38. Be5 1-0

[Event "DEM U10 2011"]
[Site "Oberhof GER"]
[Date "2011.06.17"]
[Round "9"]
[White "Flach, Helene"]
[Black "Heckmann, Till"]
[Result "0-1"]
[Termination "normal"]
[Board "34"]
[WhiteElo "849"]
[BlackElo "1157"]
[PlyCount "112"]
[WhiteFideId "12929735"]
[BlackFideId "12987093"]
[EventCountry "GER"]
[EventRounds "11"]
[EventType "swiss"]
[EventDate "2011.06.11"]

1. e4 e5 2. Nf3 Nc6 3. Bc4 Bc5 4. Nc3 Nf6 5. d3 d6 6. h3 Be6 7. Be3 O-O 8. Bg5
Re8 9. O-O h6 10. Bh4 Nd4 11. Nd5 Bxd5 12. Bxd5 c6 13. Bc4 d5 14. exd5 cxd5 15.
Nxd4 Bxd4 16. Bb5 Re6 17. Re1 Qb6 18. c4 a6 19. Qa4 dxc4 20. dxc4 Rd8 21. c5
Qxb5 22. Qxb5 axb5 23. Rad1 Ree8 24. Bg3 Bxb2 25. Rb1 Rd2 26. Re3 Bd4 27. Reb3
Ne4 28. Rf1 Nxg3 29. Rxg3 Rxa2 30. Rb3 Rb2 31. Rb1 Rxb1+ 32. Rxb1 Rc8 33. Rxb5
Rxc5 34. Rxb7 Rc1+ 35. Kh2 Bxf2 36. Rb2 Bh4 37. g3 Bf6 38. Kg2 Rc8 39. Kf3 e4+
40. Kxe4 Bxb2 41. Kd3 Rc3+ 42. Ke2 Rxg3 43. h4 f6 44. Kf2 Ra3 45. Kf1 Kf7 46.
h5 Ke6 47. Ke2 Ke5 48. Kf1 Ke4 49. Ke1 Be5 50. Kf1 Ra2 51. Ke1 Kf3 52. Kd1 Ke3
53. Kc1 Kd3 54. Kb1 Rh2 55. Kc1 f5 56. Kd1 Rh1# 0-1

[Event "DEM U10 2011"]
[Site "Oberhof GER"]
[Date "2011.06.17"]
[Round "9"]
[White "Cejda, Cecilia"]
[Black "Ratay, Meike"]
[Result "1-0"]
[Termination "normal"]
[Board "35"]
[WhiteElo "1130"]
[BlackElo "1087"]
[PlyCount "95"]
[WhiteFideId "12921122"]
[BlackFideId "12977608"]
[EventCountry "GER"]
[EventRounds "11"]
[EventType "swiss"]
[EventDate "2011.06.11"]

1. e4 d5 2. exd5 Qxd5 3. Nc3 Qa5 4. Nf3 Bf5 5. d4 c6 6. d5 cxd5 7. Qxd5 Qxd5 8.
Nxd5 Kd8 9. Bf4 Nd7 10. O-O-O Rc8 11. Bd3 Bxd3 12. Rxd3 e6 13. Nc3 Ke8 14. Nb5
a6 15. Nd6+ Bxd6 16. Rxd6 Rc6 17. Rhd1 Rxd6 18. Bxd6 Ngf6 19. Rd4 Nd5 20. Ne5
Nxe5 21. Bxe5 f6 22. Bd6 Kf7 23. Bc5 Rd8 24. c4 Rc8 25. Ba7 b5 26. b3 bxc4 27.
bxc4 Ke7 28. Kd2 Nb4 29. Rh4 h6 30. c5 Nc6 31. Bb6 Ne5 32. Ra4 Nd7 33. Rxa6
Nxb6 34. cxb6 Rb8 35. a4 Kd6 36. a5 g5 37. Kc3 Kc6 38. Kb4 Kb7 39. Kb5 Rd8 40.
Ra7+ Kb8 41. a6 Kc8 42. Kc6 Kb8 43. Rb7+ Kc8 44. Rc7+ Kb8 45. a7+ Ka8 46. Kb5
e5 47. Ka6 Rd6 48. Rc8# 1-0

[Event "DEM U10 2011"]
[Site "Oberhof GER"]
[Date "2011.06.17"]
[Round "9"]
[White "Könze, Heike"]
[Black "Lohrmann, Tabea"]
[Result "0-1"]
[Termination "normal"]
[Board "36"]
[WhiteElo "1093"]
[BlackElo "1039"]
[PlyCount "90"]
[WhiteFideId "12964476"]
[BlackFideId "12911941"]
[EventCountry "GER"]
[EventRounds "11"]
[EventType "swiss"]
[EventDate "2011.06.11"]

1. e4 d5 2. exd5 Qxd5 3. Nc3 Qd6 4. d4 c6 5. Nf3 Bf5 6. Bc4 e6 7. O-O Nf6 8.
Re1 Be7 9. Bd2 O-O 10. Ng5 Nbd7 11. Qf3 Nb6 12. Bb3 Qxd4 13. Be3 Qd6 14. Rad1
Nbd5 15. Bf4 Qd7 16. Rd2 Rad8 17. Re5 Qc8 18. h3 h6 19. Nce4 Nxe4 20. Nxe4 Bxe4
21. Qxe4 Nxf4 22. Rxd8 Rxd8 23. Qxf4 Bd6 24. c3 Bxe5 25. Qxe5 Qd7 26. Bc2 Qd5
27. Qe3 Qd2 28. Qxd2 Rxd2 29. Bb3 b5 30. Kf1 a5 31. a3 a4 32. Ba2 Rxb2 33. Bxe6
fxe6 34. Ke1 Rc2 35. Kf1 Rxc3 36. Kg1 Rd3 37. Kh2 c5 38. Kg1 c4 39. Kh2 c3 40.
Kg1 c2 41. Kh2 c1=Q 42. h4 Qd2 43. h5 Qxf2 44. Kh1 Rd2 45. Kh2 Qxg2# 0-1

[Event "DEM U10 2011"]
[Site "Oberhof GER"]
[Date "2011.06.17"]
[Round "9"]
[White "Rau, Jennifer"]
[Black "Rosenthal, Moritz"]
[Result "1/2-1/2"]
[Termination "normal"]
[Board "37"]
[WhiteElo "1092"]
[BlackElo "847"]
[PlyCount "67"]
[WhiteFideId "12983276"]
[BlackFideId "12946338"]
[EventCountry "GER"]
[EventRounds "11"]
[EventType "swiss"]
[EventDate "2011.06.11"]

1. e4 e5 2. Nf3 Nc6 3. Bc4 Bc5 4. c3 d6 5. d4 exd4 6. cxd4 Bb4+ 7. Bd2 Bxd2+ 8.
Nbxd2 Nf6 9. O-O Bg4 10. h3 Bh5 11. Re1 O-O 12. Qb3 Na5 13. Qc3 Nxc4 14. Qxc4
Re8 15. Qd3 Qe7 16. g4 Bg6 17. Nh4 Bxe4 18. Nxe4 Nxe4 19. Nf5 Qe6 20. f3 d5 21.
fxe4 dxe4 22. Qc2 c6 23. b3 g6 24. Ng3 f5 25. Qc4 Qxc4 26. bxc4 Rad8 27. Rad1
fxg4 28. hxg4 e3 29. d5 cxd5 30. Rxd5 Rxd5 31. cxd5 Re5 32. d6 Kf7 33. Rd1 Ke8
34. Kf1 1/2-1/2

[Event "DEM U10 2011"]
[Site "Oberhof GER"]
[Date "2011.06.17"]
[Round "9"]
[White "Möller, Lisa-Marie"]
[Black "Kopylov, Daniel"]
[Result "1-0"]
[Termination "normal"]
[Board "38"]
[WhiteElo "1069"]
[BlackElo "1130"]
[PlyCount "43"]
[WhiteFideId "12959367"]
[BlackFideId "12921971"]
[EventCountry "GER"]
[EventRounds "11"]
[EventType "swiss"]
[EventDate "2011.06.11"]

1. e4 e5 2. Nf3 Nc6 3. d4 exd4 4. Nxd4 Nf6 5. Nxc6 bxc6 6. e5 Nd5 7. c4 Nb6 8.
Nc3 Bb4 9. Bd2 O-O 10. Bd3 Re8 11. Qh5 h6 12. O-O-O Bxc3 13. Bxc3 Qg5+ 14. Qxg5
hxg5 15. Rhe1 Rb8 16. Bd2 Ba6 17. b3 d5 18. exd6 Rxe1 19. Rxe1 cxd6 20. Bxg5 d5
21. Re7 Rb7 22. Re8# 1-0

[Event "DEM U10 2011"]
[Site "Oberhof GER"]
[Date "2011.06.17"]
[Round "9"]
[White "Yankelevich, Michael"]
[Black "Herbert, Fabian"]
[Result "1-0"]
[Termination "normal"]
[Board "39"]
[WhiteElo "1083"]
[BlackElo "949"]
[PlyCount "117"]
[WhiteFideId "12921440"]
[BlackFideId "12940402"]
[EventCountry "GER"]
[EventRounds "11"]
[EventType "swiss"]
[EventDate "2011.06.11"]

1. e4 e5 2. Nf3 Nc6 3. Nc3 Nf6 4. d3 Bc5 5. Be2 d6 6. O-O O-O 7. Bg5 Bg4 8. Nd5
Kh8 9. Nxf6 gxf6 10. Bh6 Rg8 11. Ne1 Bxe2 12. Qxe2 Nd4 13. Qd1 f5 14. c3 Nc6
15. exf5 Qf6 16. Qh5 Ne7 17. Be3 Qxf5 18. Qxf5 Nxf5 19. Bxc5 dxc5 20. Nf3 Rad8
21. Rad1 Nd6 22. Nxe5 Rgf8 23. Rde1 f6 24. Nf3 c4 25. d4 Rde8 26. Nd2 Rxe1 27.
Rxe1 b5 28. Kf1 Re8 29. Rxe8+ Nxe8 30. Ke2 Kg7 31. Kf3 Kg6 32. Ne4 Nd6 33. Nxd6
cxd6 34. Kf4 f5 35. f3 h5 36. h3 a5 37. g4 fxg4 38. fxg4 hxg4 39. hxg4 Kf6 40.
Ke4 Kg5 41. Kd5 Kxg4 42. Kxd6 Kf4 43. Kc5 b4 44. Kxc4 Ke4 45. cxb4 axb4 46.
Kxb4 Kxd4 47. Kb5 Kd5 48. a4 Kd6 49. b4 Kc7 50. Kc5 Kb7 51. b5 Ka7 52. Kc6 Ka8
53. Kc7 Ka7 54. b6+ Ka6 55. b7 Ka5 56. b8=Q Kxa4 57. Qb2 Ka5 58. Qb3 Ka6 59.
Qb6# 1-0

[Event "DEM U10 2011"]
[Site "Oberhof GER"]
[Date "2011.06.17"]
[Round "9"]
[White "Bureik, Nicolas"]
[Black "Volkov, Michael"]
[Result "0-1"]
[Termination "normal"]
[Board "40"]
[WhiteElo "861"]
[BlackElo "1056"]
[PlyCount "62"]
[WhiteFideId "12971863"]
[EventCountry "GER"]
[EventRounds "11"]
[EventType "swiss"]
[EventDate "2011.06.11"]

1. e4 e5 2. Nf3 Nc6 3. Bb5 a6 4. Bxc6 dxc6 5. O-O Bd6 6. d4 exd4 7. Qxd4 f6 8.
Re1 Qe7 9. e5 fxe5 10. Nxe5 Be6 11. Bd2 Nf6 12. Nc3 O-O 13. Nf3 h6 14. Re2 Rfe8
15. Rae1 Nd7 16. Qe3 Nf8 17. Nd4 Bc5 18. b4 Bxd4 19. Qxd4 Qd7 20. Re4 Qxd4 21.
Rxd4 Rad8 22. Ree4 Rxd4 23. Rxd4 Bf7 24. h3 Ne6 25. Rd3 Bg6 26. Rg3 Nf8 27. Kf1
Kh7 28. Bf4 Ne6 29. Re3 Nxf4 30. g3 Rxe3 31. fxe3 Nxh3 0-1

[Event "DEM U10 2011"]
[Site "Oberhof GER"]
[Date "2011.06.17"]
[Round "9"]
[White "Wastian, Mareike"]
[Black "Staufenberger, Philipp"]
[Result "1/2-1/2"]
[Termination "normal"]
[Board "41"]
[WhiteElo "932"]
[BlackElo "1033"]
[PlyCount "57"]
[WhiteFideId "12947423"]
[BlackFideId "12970883"]
[EventCountry "GER"]
[EventRounds "11"]
[EventType "swiss"]
[EventDate "2011.06.11"]

1. e4 e6 2. d4 d5 3. exd5 exd5 4. c4 Nc6 5. Nf3 Bg4 6. Be2 dxc4 7. Bxc4 Nxd4 8.
Be2 Bxf3 9. Bxf3 Nxf3+ 10. Qxf3 Bb4+ 11. Nc3 Qf6 12. Qxb7 Bxc3+ 13. Bd2 Bxd2+
14. Kxd2 Rd8+ 15. Ke2 Qb6 16. Qe4+ Qe6 17. Qxe6+ fxe6 18. Rac1 Rb8 19. Rhe1
Rxb2+ 20. Kf1 Kf7 21. Rxc7+ Kf6 22. Rxa7 Ne7 23. Re3 Rc8 24. g3 Rcc2 25. a4
Rxf2+ 26. Kg1 Rxh2 27. Ra6 Rhf2 28. Raxe6+ Kf5 29. Rxe7 1/2-1/2

[Event "DEM U10 2011"]
[Site "Oberhof GER"]
[Date "2011.06.17"]
[Round "9"]
[White "Weißenburg, Julia"]
[Black "Pantsernaya, Sofya"]
[Result "0-1"]
[Termination "normal"]
[Board "42"]
[WhiteElo "995"]
[BlackElo "769"]
[PlyCount "110"]
[BlackFideId "12993182"]
[EventCountry "GER"]
[EventRounds "11"]
[EventType "swiss"]
[EventDate "2011.06.11"]

1. e4 d5 2. exd5 Qxd5 3. Nc3 Qa5 4. d4 c6 5. Nf3 Bg4 6. Bc4 Nf6 7. Bd2 Qc7 8.
O-O e6 9. Qe2 Bd6 10. Rad1 Bxf3 11. Qxf3 Bxh2+ 12. Kh1 Bd6 13. g3 Nbd7 14. Kg2
Be7 15. Rh1 e5 16. dxe5 Nxe5 17. Qf4 O-O 18. Bd3 Bd6 19. Qf5 Ng6 20. Rh3 Rfe8
21. Rdh1 Re5 22. Qf3 Rae8 23. g4 Bb4 24. g5 Nd5 25. Bxg6 Nxc3 26. Bf4 fxg6 27.
bxc3 Bxc3 28. Qxc3 Rc5 29. Qxc5 Qxf4 30. Rxh7 Qg4+ 31. Kf1 Qd1+ 32. Kg2 Qg4+
33. Kh2 Kxh7 34. Qd6 Rh8 35. Qg3 Kg8+ 36. Kg1 Qd1+ 37. Kg2 Rxh1 38. Qb8+ Kh7
39. c4 Qf1+ 40. Kf3 Rh3+ 41. Kf4 Qxf2+ 42. Ke5 Qd2 43. Ke6 Re3+ 44. Qe5 Rxe5+
45. Kxe5 Qxa2 46. Ke6 a5 47. Kf7 a4 48. Kf8 a3 49. c5 Qb3 50. Ke7 a2 51. Kf8
a1=Q 52. Ke7 Qad1 53. Kf8 Qbf3+ 54. Ke7 Qe3+ 55. Kf8 Qf1# 0-1

[Event "DEM U10 2011"]
[Site "Oberhof GER"]
[Date "2011.06.17"]
[Round "10"]
[White "Gungl, Theo"]
[Black "Mätzkow, Maximilian Paul"]
[Result "1-0"]
[Termination "normal"]
[Board "1"]
[WhiteElo "1736"]
[BlackElo "1597"]
[PlyCount "132"]
[WhiteFideId "24695653"]
[BlackFideId "24679933"]
[EventCountry "GER"]
[EventRounds "11"]
[EventType "swiss"]
[EventDate "2011.06.11"]

1. e4 c5 2. Nf3 g6 3. d4 cxd4 4. Nxd4 Bg7 5. Be3 Nc6 6. Nc3 Nf6 7. Bc4 O-O 8.
Bb3 Qa5 9. O-O d6 10. h3 Bd7 11. Qd2 Rfd8 12. Rad1 Rac8 13. Rfe1 Ne5 14. Nd5
Qxd2 15. Bxd2 Nxd5 16. exd5 Kf8 17. Be3 Nc4 18. Bxc4 Rxc4 19. b3 Rc3 20. Bg5
Re8 21. Re2 Bxd4 22. Rxd4 Bb5 23. Red2 Rec8 24. a4 Ba6 25. Rh4 f6 26. Be3 Kg8
27. Bxa7 Rxc2 28. Rxc2 Rxc2 29. b4 Bc4 30. Bb6 Bxd5 31. Bd8 Rc1+ 32. Kh2 Re1
33. b5 Re2 34. Kg3 Re5 35. a5 Rg5+ 36. Rg4 Rxg4+ 37. Kxg4 Kf7 38. f3 Ke6 39. a6
bxa6 40. bxa6 Kd7 41. Bb6 e5 42. Kg3 f5 43. a7 Ba8 44. Kf2 Kc6 45. Bd8 d5 46.
Bf6 Kd6 47. Ke3 d4+ 48. Kd3 Kd5 49. f4 e4+ 50. Ke2 Kc4 51. g3 e3 52. h4 Bb7 53.
Be5 Kd5 54. Kd3 Ba6+ 55. Kc2 Bb7 56. Kd3 e2 57. Kxe2 Ke4 58. Bf6 d3+ 59. Kd2
Kf3 60. Kxd3 Kxg3 61. Bg5 Kf3 62. Kd4 Ba8 63. Kc5 Ke4 64. Kb6 Kd5 65. Kc7 Ke6
66. Kb8 Kf7 1-0

[Event "DEM U10 2011"]
[Site "Oberhof GER"]
[Date "2011.06.17"]
[Round "10"]
[White "Rockmann, Jan-Okke"]
[Black "Martin, Julian"]
[Result "1-0"]
[Termination "normal"]
[Board "3"]
[WhiteElo "1294"]
[BlackElo "1321"]
[PlyCount "67"]
[WhiteFideId "12942111"]
[BlackFideId "12941000"]
[EventCountry "GER"]
[EventRounds "11"]
[EventType "swiss"]
[EventDate "2011.06.11"]

1. e4 e5 2. Nf3 Nc6 3. Bc4 Bc5 4. Nc3 Nf6 5. d3 d6 6. h3 h6 7. O-O g5 8. Nh2
Bd7 9. Be3 Qe7 10. a3 Rg8 11. Nd5 Nxd5 12. Bxd5 O-O-O 13. b4 Bb6 14. c3 Nb8 15.
a4 c6 16. Bb3 c5 17. a5 Bc7 18. Bc4 a6 19. Qb3 g4 20. hxg4 Bxg4 21. Rfb1 Bh3
22. g3 Qh4 23. Nf1 Bxf1 24. Kxf1 Qh3+ 25. Ke2 Qg4+ 26. Kd2 Nc6 27. Bxf7 Rg6 28.
Bxg6 Qxg6 29. bxc5 d5 30. Qxb7+ Kd7 31. exd5 Ne7 32. d6 Ke8 33. Qxc7 Rd7 34.
Rb8+ 1-0

[Event "DEM U10 2011"]
[Site "Oberhof GER"]
[Date "2011.06.17"]
[Round "10"]
[White "Kuhn, Magnus"]
[Black "Fieberg, Samuel"]
[Result "1/2-1/2"]
[Termination "normal"]
[Board "4"]
[WhiteElo "1579"]
[BlackElo "1762"]
[PlyCount "114"]
[WhiteFideId "12926345"]
[BlackFideId "12901717"]
[EventCountry "GER"]
[EventRounds "11"]
[EventType "swiss"]
[EventDate "2011.06.11"]

1. e4 e5 2. Nf3 Nc6 3. Bb5 a6 4. Ba4 Nf6 5. O-O b5 6. Bb3 Bc5 7. Nxe5 Nxe5 8.
d4 Bxd4 9. Qxd4 d6 10. a3 c5 11. Qe3 O-O 12. Nc3 c4 13. Ba2 Re8 14. b3 Bb7 15.
f3 Qc7 16. Bb2 d5 17. Rfe1 dxe4 18. Nxe4 Nd5 19. Qd2 Rac8 20. bxc4 Nxc4 21.
Bxc4 Qxc4 22. Nd6 Qc5+ 23. Qd4 Qxd4+ 24. Bxd4 Bc6 25. Nxc8 Rxc8 26. Re2 f6 27.
Rc1 Bd7 28. c3 Kf7 29. Kf2 a5 30. Ke1 Bf5 31. Rd2 Nf4 32. Kf1 b4 33. axb4 axb4
34. g3 Nd3 35. Ra1 bxc3 36. Rc2 Rd8 37. Bxc3 Rc8 38. Ra7+ Kg8 39. g4 Bg6 40. h4
Ne5 41. Rd2 Bd3+ 42. Kf2 Rxc3 43. Rb2 Rc2+ 44. Rxc2 Bxc2 45. Ra8+ Kf7 46. Ra7+
Kg6 47. h5+ Kh6 48. Ra1 Kg5 49. Kg3 Kh6 50. Rf1 g6 51. hxg6 hxg6 52. Rh1+ Kg7
53. f4 Nf7 54. Rc1 Be4 55. Re1 f5 56. g5 Kf8 57. Ra1 Kg7 1/2-1/2